Piłka nożna - Kto wtedy grał? #5 - Statystyki

Ogólne statystyki
  • Ten quiz został rozwiązany 112 razy
  • Średni wynik to 11 z 22
Statystyki odpowiedzi
Hint Odpowiedź % Poprawnych
AMC Zidane
96%
GK Buffon
93%
DM Pirlo
76%
FC Henry
72%
CB Cannavaro
65%
CB Materazzi
64%
DM Gattuso
59%
FC Totti
54%
GK Barthez
52%
CB Thuram
50%
RB Zambrotta
50%
DM Makelele
42%
RW Ribery
42%
DM Vieira
42%
FC Toni
37%
LB Grosso
34%
LW Malouda
26%
RW Camoranesi
23%
LB Abidal
22%
RB Sagnol
22%
CB Gallas
21%
LW Perrotta
13%
Nie znaleziono quizów pasujących do podanych kryteriów
Rozkład punktacji
Procent ludzi z każdym wynikiem
Percentyl według liczby udzielonych odpowiedzi
Twoja historia wyników
Nie rozwiązałeś tego quizu